Score 0/10 Timer 01:00
0 Plays Today
% Correct
Zanzibar
94.1%
Zoogeographer
93.4%
Zipper
93%
Zapper
92%
Zinger
88.2%
Zoolater
85.7%
Zephyr
83.6%
Zither
81.2%
Zimmer
71.8%
Zander
66.9%
Remove Ads.
Support Sporcle.
Get the best of Sporcle when you Go Orange. This ad-free experience offers more features, more stats, and more fun while also helping to support Sporcle. Thank you for becoming a member.

You're not logged in!

Compare scores with friends on all Sporcle quizzes.
OR
Log In

Show Comments

Extras

Top Quizzes Today


Score Distribution

Your Account Isn't Verified!

In order to create a playlist on Sporcle, you need to verify the email address you used during registration. Go to your Sporcle Settings to finish the process.

Report this User

Report this user for behavior that violates our Community Guidelines.

Details: